00602 2200229 4500001002100000005001700021008004100038020001800079035002400097082001300121090002200134100002700156245005400183250001100237260003300248300002400281650001900305850001200324980001500336985000600351999001500357YOGYA-0209000005464320090227033359.0 ind  a979-501-076-X 0010-020900000054643 a796.3466 a796.346bBar TlT aBARNES, Chester Barnes aTenis MejabLangkah Menjadi JUaracChester Barnes aCet. 4 aSemarangbDahara Prizec1994 a79 hlmbilusc21 cm aPermainan Bola aYOPDYOG a26-11-2007 a1 a99P0001506